| 000 | 00909nam a22002897a 4500 | ||
|---|---|---|---|
| 003 | CHAP | ||
| 005 | 20220329140036.0 | ||
| 008 | 971013s1974 r 00010 d | ||
| 010 | _a46090 | ||
| 011 | _a47062 | ||
| 035 | _a51203 | ||
| 040 | _cCHAP | ||
| 090 | _aFolleto 3698 | ||
| 110 |
_aUNIDO _9116196 |
||
| 245 | _aConsideraciones de preinversión y planificación industrial correcta en la industria de los aceites vegetales | ||
| 260 |
_aNueva York : _bNaciones Unidas, _c1974 |
||
| 300 | _a34 p. | ||
| 590 |
_aBATCH-UPD _b10 _c20130110 _lUCH01 _h0107 |
||
| 590 |
_aBATCH-UPD _b10 _c20130110 _lUCH01 _h1258 |
||
| 590 |
_aCONVERSION _b10 _c20130109 _lUCH01 _h1325 |
||
| 650 | 1 | 4 |
_aAceites vegetales _xMercadeo. _9459 |
| 650 | 1 | 4 |
_aPlantas oleaginosas. _989032 |
| 650 | 1 | 4 |
_aProyectos industriales. _992531 |
| 901 | _aBK | ||
| 942 | _cFOLL | ||
| 949 |
_aFolleto 3698 _bBC _cFOLL _d-114701 _eTS1 _i51203 _mD _si |
||
| 999 |
_c46090 _d46090 |
||